Mesa mexicana (Record no. 872)
[ view plain ]
| 000 -CABECERA | |
|---|---|
| campo de control de longitud fija | 00904nam a2200241 a 4500 |
| 001 - NÚMERO DE CONTROL | |
| campo de control | BRCA_988 |
| 005 - FECHA Y HORA DE LA ÚLTIMA TRANSACCIÓN | |
| campo de control | 20190320203232.0 |
| 008 - DATOS DE LONGITUD FIJA--INFORMACIÓN GENERAL | |
| campo de control de longitud fija | 940404s1993 mx-a---##b---#000-0#spa-d |
| 020 ## - NÚMERO INTERNACIONAL ESTÁNDAR DEL LIBRO | |
| Número Internacional Estándar del Libro | 9686084940 |
| 040 ## - FUENTE DE LA CATALOGACIÓN | |
| Centro catalogador/agencia de origen | DLC |
| Centro/agencia transcriptor | DLC |
| 050 #4 - SIGNATURA TOPOGRÁFICA DE LA BIBLIOTECA DEL CONGRESO | |
| Número de clasificación | GT2853 |
| Número de documento/Ítem | .F47 1993 |
| 100 1# - ENTRADA PRINCIPAL--NOMBRE DE PERSONA | |
| Nombre de persona | Fernández, Miguel Ángel |
| 9 (RLIN) | 3260 |
| 245 10 - MENCIÓN DE TÍTULO | |
| Título | Mesa mexicana |
| Mención de responsabilidad, etc. | textos Miguel Angel Fernández, Víctor Ruiz Naufal ; producción Jorge Lóyzaga ; fotografías José Ignacio González Manterola ; diseño Franco María Ricci. |
| 260 ## - PUBLICACIÓN, DISTRIBUCIÓN, ETC. | |
| Lugar de publicación, distribución, etc. | [México] |
| Nombre del editor, distribuidor, etc. | Fundación Cultural Bancomer : Grupo Azabache |
| Fecha de publicación, distribución, etc. | [1993] |
| 300 ## - DESCRIPCIÓN FÍSICA | |
| Extensión | 277 p. |
| Otras características físicas | il. a color |
| Dimensiones | 31 cm. |
| 504 ## - NOTA DE BIBLIOGRAFÍA, ETC. | |
| Nota de bibliografía, etc. | Bibliografía: p. 273-275 |
| 650 14 - PUNTO DE ACCESO ADICIONAL DE MATERIA--TÉRMINO DE MATERIA | |
| Término de materia o nombre geográfico como elemento de entrada | Comidas y banquetes |
| Subdivisión geográfica | México |
| 9 (RLIN) | 3261 |
| 700 1# - PUNTO DE ACCESO ADICIONAL--NOMBRE DE PERSONA | |
| Nombre de persona | Ruiz Naufal, Víctor M |
| 9 (RLIN) | 3262 |
| 700 1# - PUNTO DE ACCESO ADICIONAL--NOMBRE DE PERSONA | |
| Nombre de persona | Lóyzaga, Jorge |
| 9 (RLIN) | 3263 |
| 700 1# - PUNTO DE ACCESO ADICIONAL--NOMBRE DE PERSONA | |
| Nombre de persona | González Manterola, José Ignacio |
| 9 (RLIN) | 2339 |
| 700 1# - PUNTO DE ACCESO ADICIONAL--NOMBRE DE PERSONA | |
| Nombre de persona | Ricci, Franco María |
| 9 (RLIN) | 3264 |
| 942 ## - ELEMENTOS DE PUNTO DE ACCESO ADICIONAL (KOHA) | |
| Fuente del sistema de clasificación o colocación | Library of Congress Classification |
| Tipo de ítem Koha | Libros |
| Estado de retiro | Estado de pérdida | Estado dañado | No para préstamo | Localización permanente | Ubicación/localización actual | Fecha de adquisición | Total de préstamos | Signatura topográfica completa | Código de barras | Fecha visto por última vez | Precio válido a partir de | Tipo de ítem Koha |
|---|---|---|---|---|---|---|---|---|---|---|---|---|
| El ejemplar forma parte de la colección y puede ser consultado según las políticas vigentes. | Biblioteca del Museo Franz Mayer (Rogerio Casas-Alatriste) | Biblioteca del Museo Franz Mayer (Rogerio Casas-Alatriste) | 26/06/2008 | GT2853 .F47 1993 | 01481 | 22/03/2019 | 22/03/2019 | Libros |